[Event "GX Alekhine Torneio Interno 2024"]
[Site "Lisboa, Portugal"]
[Date "????.??.??"]
[Round "1.2"]
[White "Corentin, Louis"]
[Black "Pinto, Antonio Manuel Fontelas Nogueira"]
[Result "1-0"]
[WhiteElo "2066"]
[BlackElo "1588"]
[PlyCount "49"]

1. f4 {[%emt 0:00:05]} d5 {[%emt 0:00:06]} 2. Nf3 {[%emt 0:00:07]} g6 {[%emt 0:00:20]} 3. g3 {[%emt 0:00:10]} c5 {[%emt 0:00:33]} 4. Bg2 {[%emt 0:00:22]} Bg7 {[%emt 0:00:17]} 5. d3 {[%emt 0:01:44]} Nf6 {[%emt 0:00:08]} 6. O-O {[%emt 0:00:08]} Nc6 {[%emt 0:01:49]} 7. c3 {[%emt 0:00:15]} O-O {[%emt 0:00:28]} 8. Na3 {[%emt 0:00:10]} Rb8 {[%emt 0:02:00]} 9. Nh4 {[%emt 0:01:16]} e6 {[%emt 0:04:36]} 10. e4 {[%emt 0:02:44]} b5 {[%emt 0:04:54]} 11. e5 {[%emt 0:01:11]} Ne8 {[%emt 0:00:43]} 12. Be3 {[%emt 0:05:18]} Qe7 {[%emt 0:06:48]} 13. Qe2 {[%emt 0:14:43]} Nc7 {[%emt 0:07:10]} 14. Qf2 {[%emt 0:06:05]} Na6 {[%emt 0:00:31]} 15. Nc2 {[%emt 0:09:59]} Bd7 {[%emt 0:03:02]} 16. d4 {[%emt 0:01:24]} c4 {[%emt 0:01:34]} 17. a3 {[%emt 0:00:49]} Nc7 {[%emt 0:00:53]} 18. g4 {[%emt 0:06:28]} a5 {[%emt 0:02:26]} 19. f5 {[%emt 0:00:51]} exf5 {[%emt 0:01:05]} 20. gxf5 {[%emt 0:00:07]} Bxf5 {[%emt 0:04:32]} 21. Nxf5 {[%emt 0:01:37]} gxf5 {[%emt 0:00:14]} 22. Qg3 {[%emt 0:01:13]} Qe6 {[%emt 0:08:20]} 23. Bg5 {[%emt 0:01:17]} Qg6 {[%emt 0:01:12]} 24. Ne3 {[%emt 0:03:12]} f6 {[%emt 0:01:16]} 25. exf6 {[%emt 0:00:31]} 1-0

[Event "GX Alekhine Torneio Interno 2024"]
[Site "Lisboa, Portugal"]
[Date "????.??.??"]
[Round "1.1"]
[White "Lucio, Jorge Manuel Rodrigues"]
[Black "Sousa, Joao Alexandre Coutinho Dinis De"]
[Result "0-1"]
[WhiteElo "1619"]
[BlackElo "2127"]
[PlyCount "70"]

1. d4 {[%emt 0:00:02]} Nf6 {[%emt 0:12:03]} 2. c4 c5 {[%emt 0:00:18]} 3. d5 {[%emt 0:00:16]} e6 {[%emt 0:00:19]} 4. Nc3 {[%emt 0:00:27]} exd5 {[%emt 0:00:03]} 5. cxd5 {[%emt 0:00:18]} d6 {[%emt 0:00:02]} 6. e4 {[%emt 0:00:53]} g6 {[%emt 0:00:04]} 7. f4 {[%emt 0:01:30]} Bg7 {[%emt 0:00:12]} 8. Bb5+ {[%emt 0:00:48]} Nfd7 {[%emt 0:00:03]} 9. a4 {[%emt 0:01:39]} Na6 {[%emt 0:00:11]} 10. Nf3 {[%emt 0:00:28]} Nb4 {[%emt 0:00:07]} 11. O-O {[%emt 0:00:38]} O-O {[%emt 0:00:11]} 12. Re1 {[%emt 0:00:16]} a6 {[%emt 0:00:12]} 13. Bf1 {[%emt 0:00:27]} Re8 {[%emt 0:00:09]} 14. g3 {[%emt 0:19:14]} b6 {[%emt 0:00:55]} 15. Na2 {[%emt 0:09:04]} Nxa2 {[%emt 0:05:11]} 16. Rxa2 {[%emt 0:00:21]} Nf6 {[%emt 0:16:39]} 17. Nd2 {[%emt 0:10:07]} Ra7 {[%emt 0:08:20]} 18. Bg2 {[%emt 0:08:05]} Rae7 {[%emt 0:02:32]} 19. Rf1 {[%emt 0:00:55]} b5 {[%emt 0:06:35]} 20. axb5 {[%emt 0:03:51]} axb5 {[%emt 0:00:02]} 21. h3 {[%emt 0:00:32]} Qb6 {[%emt 0:02:08]} 22. Kh2 {[%emt 0:00:56]} c4 {[%emt 0:00:05]} 23. g4 {[%emt 0:09:01]} Nd7 {[%emt 0:03:58]} 24. Ra3 {[%emt 0:03:31]} Nc5 {[%emt 0:00:18]} 25. f5 {[%emt 0:00:45]} Be5+ {[%emt 0:01:00]} 26. Kh1 {[%emt 0:00:22]} f6 {[%emt 0:13:28]} 27. Raf3 {[%emt 0:09:32]} g5 {[%emt 0:00:17]} 28. Qc2 {[%emt 0:06:06]} Ba6 {[%emt 0:00:13]} 29. Re1 {[%emt 0:03:11]} h5 {[%emt 0:01:39]} 30. Bf1 {[%emt 0:01:31]} hxg4 {[%emt 0:00:57]} 31. hxg4 {[%emt 0:00:07]} Rh7+ {[%emt 0:00:16]} 32. Rh3 {[%emt 0:01:20]} Nd3 {[%emt 0:03:15]} 33. Rxh7 {[%emt 0:06:09]} Nxe1 {[%emt 0:00:15]} 34. Qd1 {[%emt 0:00:24]} Qf2 {[%emt 0:01:04]} 35. Rh3 {[%emt 0:00:37]} Bd4 {[%emt 0:00:17]} 0-1

[Event "GX Alekhine Torneio Interno 2024"]
[Site "Lisboa, Portugal"]
[Date "????.??.??"]
[Round "1.4"]
[White "Morais, Vitor Mestre"]
[Black "Goncalves, Carlos Manuel Marques"]
[Result "1/2-1/2"]
[WhiteElo "1816"]
[BlackElo "1532"]
[PlyCount "74"]

1. c4 {[%emt 0:00:02]} Nf6 {[%emt 0:01:15]} 2. Nc3 {[%emt 0:00:09]} c6 {[%emt 0:01:15]} 3. g3 {[%emt 0:00:07]} g6 {[%emt 0:01:52]} 4. Bg2 {[%emt 0:00:08]} Bg7 {[%emt 0:00:07]} 5. e3 {[%emt 0:00:09]} e5 {[%emt 0:01:54]} 6. Nge2 {[%emt 0:00:13]} d6 {[%emt 0:01:29]} 7. d4 {[%emt 0:00:12]} O-O {[%emt 0:02:52]} 8. dxe5 {[%emt 0:00:14]} dxe5 {[%emt 0:00:03]} 9. O-O {[%emt 0:00:11]} Bf5 {[%emt 0:01:18]} 10. e4 {[%emt 0:00:43]} Bg4 {[%emt 0:01:13]} 11. h3 {[%emt 0:00:23]} Be6 {[%emt 0:00:27]} 12. b3 {[%emt 0:00:16]} Na6 {[%emt 0:00:54]} 13. Be3 {[%emt 0:00:29]} h5 {[%emt 0:03:23]} 14. Qc2 {[%emt 0:00:31]} Nb4 {[%emt 0:00:26]} 15. Qd2 {[%emt 0:00:27]} Qxd2 {[%emt 0:00:21]} 16. Bxd2 {[%emt 0:00:11]} Rad8 {[%emt 0:00:21]} 17. Rad1 {[%emt 0:00:13]} Nc2 {[%emt 0:04:44]} 18. Bg5 {[%emt 0:00:16]} Nd4 {[%emt 0:00:22]} 19. Nxd4 {[%emt 0:01:38]} Rxd4 {[%emt 0:00:22]} 20. Be3 {[%emt 0:00:16]} Rxd1 {[%emt 0:04:48]} 21. Rxd1 {[%emt 0:00:22]} Nd7 {[%emt 0:01:20]} 22. Na4 {[%emt 0:00:47]} b6 {[%emt 0:00:34]} 23. Nc3 {[%emt 0:01:16]} Bf6 {[%emt 0:01:59]} 24. Kh2 Rd8 25. Rd6 Nb8 26. Rxd8+ Bxd8 27. f4 Bf6 28. Ne2 Kf8 29. Kg1 Ke8 {[%emt 0:22:30]} 30. Kf2 {[%emt 0:01:25]} c5 {[%emt 0:02:26]} 31. Ke1 {[%emt 0:00:49]} Nc6 {[%emt 0:00:26]} 32. Kd2 {[%emt 0:00:32]} Nd4 {[%emt 0:00:46]} 33. Nc3 {[%emt 0:02:18]} Bg7 {[%emt 0:03:05]} 34. Nd5 {[%emt 0:00:54]} Kd7 {[%emt 0:00:53]} 35. h4 {[%emt 0:04:16]} Bg4 {[%emt 0:02:23]} 36. Bxd4 {[%emt 0:19:50]} exd4 {[%emt 0:00:07]} 37. e5 {[%emt 0:00:49]} Ke8 {[%emt 0:00:19]} 1/2-1/2

[Event "GX Alekhine Torneio Interno 2024"]
[Site "Lisboa, Portugal"]
[Date "????.??.??"]
[Round "1.3"]
[White "Nobre, Alberto Antonio Baiao"]
[Black "Wang, Minqing"]
[Result "0-1"]
[WhiteElo "1560"]
[BlackElo "1875"]
[PlyCount "111"]

1. e4 {[%emt 0:00:02]} c6 {[%emt 0:08:19]} 2. d3 {[%emt 0:00:28]} g6 {[%emt 0:01:16]} 3. Nf3 {[%emt 0:01:43]} Bg7 {[%emt 0:00:18]} 4. g3 {[%emt 0:00:12]} d5 {[%emt 0:00:05]} 5. Nbd2 {[%emt 0:00:04]} dxe4 {[%emt 0:01:42]} 6. dxe4 {[%emt 0:00:11]} Nf6 {[%emt 0:00:17]} 7. Bg2 {[%emt 0:00:25]} Bg4 {[%emt 0:00:38]} 8. h3 {[%emt 0:00:15]} Bxf3 {[%emt 0:00:10]} 9. Qxf3 {[%emt 0:00:13]} Nbd7 {[%emt 0:00:15]} 10. Qe2 {[%emt 0:04:26]} O-O {[%emt 0:00:40]} 11. O-O {[%emt 0:00:33]} Ne5 {[%emt 0:00:39]} 12. Rd1 {[%emt 0:14:08]} Qb6 {[%emt 0:00:07]} 13. Nb3 {[%emt 0:06:32]} a5 {[%emt 0:01:09]} 14. Be3 {[%emt 0:02:52]} Qc7 {[%emt 0:00:08]} 15. f4 {[%emt 0:05:08]} Ned7 {[%emt 0:00:19]} 16. e5 {[%emt 0:01:52]} Ne8 {[%emt 0:01:03]} 17. Rd2 {[%emt 0:05:05]} a4 {[%emt 0:01:18]} 18. Nd4 {[%emt 0:02:34]} Nxe5 {[%emt 0:00:22]} 19. fxe5 {[%emt 0:01:01]} Bxe5 {[%emt 0:00:05]} 20. g4 {[%emt 0:09:33]} Ng7 {[%emt 0:00:25]} 21. a3 {[%emt 0:07:28]} h5 {[%emt 0:01:04]} 22. Rf1 {[%emt 0:05:17]} Ra5 {[%emt 0:02:08]} 23. Qf2 {[%emt 0:03:09]} c5 {[%emt 0:02:01]} 24. Nf3 {[%emt 0:03:09]} Bxb2 {[%emt 0:03:50]} 25. Ng5 {[%emt 0:02:08]} e6 {[%emt 0:02:44]} 26. Ne4 {[%emt 0:04:02]} b6 {[%emt 0:04:48]} 27. c3 {[%emt 0:01:59]} Bxa3 {[%emt 0:01:31]} 28. Nf6+ {[%emt 0:09:27]} Kh8 {[%emt 0:00:10]} 29. Ra2 {[%emt 0:02:35]} Rb5 {[%emt 0:03:52]} 30. Rxa3 {[%emt 0:00:32]} Rb3 {[%emt 0:00:48]} 31. Rxa4 {[%emt 0:01:01]} Rxc3 {[%emt 0:00:31]} 32. Bf4 {[%emt 0:01:08]} e5 {[%emt 0:02:32]} 33. Qe1 {[%emt 0:00:49]} Rc2 {[%emt 0:01:12]} 34. Bxe5 {[%emt 0:01:15]} Qd8 {[%emt 0:02:16]} 35. Qe3 {[%emt 0:00:34]} Qd2 {[%emt 0:00:24]} 36. Qxd2 {[%emt 0:01:54]} Rxd2 {[%emt 0:00:06]} 37. gxh5 {[%emt 0:00:22]} Re2 {[%emt 0:00:45]} 38. Ba1 {[%emt 0:00:46]} Rd8 {[%emt 0:00:36]} 39. h6 {[%emt 0:01:49]} Nf5 {[%emt 0:00:18]} 40. Ra7 {[%emt 0:01:31]} Nxh6 {[%emt 0:01:54]} 41. Ng4+ {[%emt 0:01:03]} Kh7 {[%emt 0:00:09]} 42. Nxh6 {[%emt 0:00:18]} Kxh6 {[%emt 0:00:06]} 43. Raxf7 {[%emt 0:00:55]} Rdd2 {[%emt 0:00:29]} 44. R7f2 {[%emt 0:00:44]} b5 {[%emt 0:00:42]} 45. Be5 {[%emt 0:00:40]} Rc2 {[%emt 0:01:16]} 46. Bf4+ {[%emt 0:00:10]} g5 {[%emt 0:00:29]} 47. Rxe2 {[%emt 0:00:24]} Rxe2 {[%emt 0:00:06]} 48. Bd6 {[%emt 0:00:23]} c4 {[%emt 0:00:38]} 49. Bf3 {[%emt 0:00:59]} Rd2 {[%emt 0:00:15]} 50. Rd1 {[%emt 0:00:19]} Ra2 {[%emt 0:00:34]} 51. Be4 {[%emt 0:00:29]} Kh5 {[%emt 0:01:09]} 52. Rd5 {[%emt 0:00:49]} Kh4 {[%emt 0:01:12]} 53. Rxb5 {[%emt 0:00:29]} Kxh3 {[%emt 0:00:39]} 54. Rxg5 {[%emt 0:00:05]} Rd2 {[%emt 0:01:12]} 55. Rg3+ {[%emt 0:00:59]} Kh4 {[%emt 0:00:07]} 56. Bb8 {[%emt 0:00:34]} 0-1

[Event "GX Alekhine Torneio Interno 2024"]
[Site "Lisboa, Portugal"]
[Date "????.??.??"]
[Round "2.3"]
[White "Wang, Minqing"]
[Black "Ramos, Caetano Da Motta Lima Souza"]
[Result "1-0"]
[WhiteElo "1875"]
[BlackElo "1697"]
[PlyCount "61"]

1. d4 d5 2. c4 e6 3. Nc3 c5 4. e3 Nf6 5. Nf3 Nc6 6. Bd3 Be7 7. O-O O-O 8. a3 cxd4 9. exd4 dxc4 10. Bxc4 h6 11. b4 a6 12. Bb2 b5 13. Bb3 Qb6 14. Qe2 Re8 15. d5 exd5 16. Nxd5 Nxd5 17. Bxd5 Bb7 18. Rfe1 Rad8 19. Rad1 Kf8 20. Qe4 Bxb4 21. Qf5 Rxe1+ 22. Nxe1 Rxd5 23. Qxd5 Bc5 24. Nd3 Bd4 25. Qd6+ Kg8 26. Bxd4 Qxd4 27. Qxd4 Nxd4 28. Nc5 Nc2 29. Nxb7 Nxa3 30. Ra1 b4 31. Na5 1-0

[Event "GX Alekhine Torneio Interno 2024"]
[Site "Lisboa, Portugal"]
[Date "????.??.??"]
[Round "2.4"]
[White "Descamps, Bert"]
[Black "Duque, Raquel Dos Santos"]
[Result "0-1"]
[WhiteElo "1794"]
[BlackElo "1667"]
[PlyCount "96"]

1. e4 c6 2. d4 d5 3. e5 Bf5 4. Nf3 e6 5. Be2 c5 6. c3 Nc6 7. O-O h5 8. Nbd2 c4 9. Re1 Be7 10. Nf1 Nh6 11. b3 b5 12. bxc4 bxc4 13. Qa4 Qd7 14. Ng3 Nxe5 15. Qxd7+ Nxd7 16. Bxh6 Rxh6 17. Nxf5 exf5 18. Bd1 Kf8 19. Bc2 Ba3 20. Rab1 Re6 21. Bxf5 Rxe1+ 22. Nxe1 Rb8 23. Rxb8+ Nxb8 24. Bc8 Nc6 25. Bb7 Ne7 26. Nc2 Bb2 27. Nb4 Bxc3 28. Nxd5 Bxd4 29. Kf1 Nxd5 30. Bxd5 c3 31. Bb3 Ke7 32. Ke2 f6 33. f3 Kd6 34. Kd3 Bg1 35. h3 Ke5 36. Kxc3 Kf4 37. Bf7 h4 38. Kd3 Kg3 39. Ke4 Kxg2 40. Be6 g6 41. Kf4 f5 42. Kg5 Kxf3 43. Kxg6 f4 44. Kf5 Bb6 45. Bc4 Kg3 46. Bf1 f3 47. Ke4 Kf2 48. Bc4 Kg2 0-1

[Event "GX Alekhine Torneio Interno 2024"]
[Site "Lisboa, Portugal"]
[Date "????.??.??"]
[Round "2.1"]
[White "Sousa, Joao Alexandre Coutinho Dinis De"]
[Black "Alves, Luis Miguel Guerreiro"]
[Result "1/2-1/2"]
[WhiteElo "2127"]
[BlackElo "1711"]
[PlyCount "53"]

1. e4 {[%emt 0:10:21]} c5 {[%emt 0:19:11]} 2. Nf3 {[%emt 0:00:09]} d6 {[%emt 0:00:14]} 3. d4 {[%emt 0:00:11]} cxd4 {[%emt 0:00:06]} 4. Nxd4 {[%emt 0:00:05]} Nf6 {[%emt 0:00:06]} 5. Nc3 {[%emt 0:00:09]} a6 {[%emt 0:00:20]} 6. Bc4 {[%emt 0:00:32]} e5 {[%emt 0:00:11]} 7. Nf5 {[%emt 0:06:14]} Bxf5 {[%emt 0:01:37]} 8. exf5 {[%emt 0:00:04]} Qc8 {[%emt 0:00:33]} 9. Bd5 {[%emt 0:16:42]} Nbd7 {[%emt 0:02:27]} 10. Qf3 {[%emt 0:06:18]} Nxd5 {[%emt 0:00:59]} 11. Nxd5 {[%emt 0:00:07]} Qc6 {[%emt 0:01:56]} 12. Bg5 {[%emt 0:16:59]} Nb6 {[%emt 0:11:20]} 13. Nxb6 {[%emt 0:01:14]} Qxb6 {[%emt 0:00:05]} 14. O-O {[%emt 0:00:44]} Qc6 {[%emt 0:01:18]} 15. Qh3 {[%emt 0:01:49]} h5 {[%emt 0:06:51]} 16. Qb3 {[%emt 0:03:49]} h4 {[%emt 0:02:21]} 17. f6 {[%emt 0:06:51]} h3 {[%emt 0:03:06]} 18. Qg3 {[%emt 0:02:00]} Qxg2+ {[%emt 0:00:13]} 19. Qxg2 {[%emt 0:00:14]} hxg2 {[%emt 0:00:02]} 20. Rfe1 {[%emt 0:00:20]} Kd7 {[%emt 0:04:10]} 21. f4 {[%emt 0:01:29]} Ke6 {[%emt 0:00:31]} 22. fxe5 {[%emt 0:02:49]} dxe5 {[%emt 0:00:05]} 23. fxg7 {[%emt 0:01:22]} Bxg7 {[%emt 0:00:02]} 24. Rad1 {[%emt 0:00:31]} f6 {[%emt 0:01:38]} 25. Be3 {[%emt 0:00:26]} Rad8 {[%emt 0:00:15]} 26. Kxg2 {[%emt 0:00:41]} Rxd1 {[%emt 0:00:59]} 27. Rxd1 {[%emt 0:03:14]} 1/2-1/2

[Event "GX Alekhine Torneio Interno 2024"]
[Site "Lisboa, Portugal"]
[Date "????.??.??"]
[Round "2.2"]
[White "Bras, Hugo Miguel Pereira"]
[Black "Corentin, Louis"]
[Result "0-1"]
[WhiteElo "1722"]
[BlackElo "2066"]
[PlyCount "80"]

1. e4 {[%emt 0:04:19]} Nf6 2. e5 Nd5 3. d4 d6 4. Nf3 dxe5 5. Nxe5 g6 6. Bc4 Be6 7. O-O Bg7 8. Bb3 O-O 9. Re1 Nd7 10. Nxd7 Qxd7 11. h3 c6 12. c3 b5 13. Nd2 b4 14. Ne4 Qc7 15. Bd2 a5 16. Nc5 Bf5 17. Qf3 e5 18. dxe5 bxc3 19. Bxc3 Nxc3 20. Qxc3 Rfe8 21. Nd3 a4 22. Bc4 Bxd3 23. Qxd3 Bxe5 24. Qc2 a3 25. Rab1 axb2 26. Red1 Red8 27. Qe4 Bg7 28. Bb3 Re8 29. Qc4 Re7 30. Qc2 Rae8 31. Ba4 Re6 32. Rf1 Qb6 33. Bb3 Re2 34. Qc4 R8e7 35. Qf4 Bd4 36. Qf3 Qb5 37. a4 Qc5 38. Bxf7+ Kg7 39. Bb3 Qf5 40. Qxc6 Rxf2 0-1

[Event "GX Alekhine Torneio Interno 2024"]
[Site "Lisboa, Portugal"]
[Date "????.??.??"]
[Round "3.4"]
[White "Silva, Reinaldo Joao David Batista Da"]
[Black "Sousa, Joao Alexandre Coutinho Dinis De"]
[Result "0-1"]
[WhiteElo "1760"]
[BlackElo "2127"]
[PlyCount "110"]

1. Nf3 c5 2. b3 Nc6 3. Bb2 Nf6 4. e3 g6 5. d4 cxd4 6. exd4 d5 7. a3 Bg7 8. Bd3 O-O 9. O-O Ne4 10. h3 Nd6 11. Nbd2 Bf5 12. Bxf5 Nxf5 13. c3 Rc8 14. Re1 Re8 15. g4 Nd6 16. c4 dxc4 17. bxc4 Qa5 18. c5 Nb5 19. Nc4 Qd8 20. Nce5 Nxe5 21. Nxe5 Qd5 22. a4 Nc7 23. Rc1 Ne6 24. Qf3 Qxf3 25. Nxf3 Nxc5 26. Ba3 Nxa4 27. Rxc8 Rxc8 28. Bxe7 Nc3 29. Ba3 Nd5 30. Ne5 b5 31. Bc5 a6 32. g5 Bf8 33. Bxf8 Kxf8 34. Nd7+ Kg7 35. Re5 Nf4 36. Nb6 Rd8 37. d5 Rd6 38. Na8 Rxd5 39. Re7 Nxh3+ 40. Kg2 Nxg5 41. Nc7 Rd2 42. Nxa6 Kf6 43. Rb7 Ne4 44. Rb6+ Kg5 45. Rxb5+ f5 46. Nc7 Rxf2+ 47. Kg1 Rd2 48. Ne6+ Kh5 49. Nf4+ Kg4 50. Ng2 f4 51. Rb4 Re2 52. Kf1 Ng3+ 53. Kg1 g5 54. Ra4 Kh3 55. Ra3 Rxg2# 0-1

[Event "GX Alekhine Torneio Interno 2024"]
[Site "Lisboa, Portugal"]
[Date "????.??.??"]
[Round "3.1"]
[White "Corentin, Louis"]
[Black "Aguiar, Carlos Alberto Branco Levy De"]
[Result "1-0"]
[WhiteElo "2066"]
[BlackElo "1703"]
[PlyCount "91"]

1. f4 {[%emt 0:00:10]} d6 {[%emt 0:00:10]} 2. Nf3 {[%emt 0:00:29]} c5 {[%emt 0:00:15]} 3. g3 {[%emt 0:00:50]} Nc6 {[%emt 0:00:20]} 4. Bg2 {[%emt 0:01:04]} Nf6 {[%emt 0:00:24]} 5. d3 {[%emt 0:00:10]} g6 {[%emt 0:00:12]} 6. e4 {[%emt 0:00:10]} Bg7 {[%emt 0:00:11]} 7. O-O {[%emt 0:00:09]} Bg4 {[%emt 0:02:49]} 8. h3 {[%emt 0:00:58]} Bxf3 {[%emt 0:00:35]} 9. Qxf3 {[%emt 0:00:07]} Nd4 {[%emt 0:00:28]} 10. Qf2 {[%emt 0:01:27]} O-O {[%emt 0:02:58]} 11. g4 {[%emt 0:04:39]} Nd7 {[%emt 0:01:14]} 12. c3 {[%emt 0:14:34]} Nc6 {[%emt 0:02:32]} 13. Na3 {[%emt 0:05:47]} Rc8 {[%emt 0:03:42]} 14. h4 {[%emt 0:04:40]} a6 {[%emt 0:06:00]} 15. h5 {[%emt 0:07:12]} e5 {[%emt 0:05:43]} 16. hxg6 {[%emt 0:00:46]} fxg6 {[%emt 0:00:30]} 17. f5 {[%emt 0:01:52]} g5 {[%emt 0:00:29]} 18. Nc4 {[%emt 0:05:34]} Qe7 {[%emt 0:02:04]} 19. Ne3 {[%emt 0:11:19]} h6 {[%emt 0:00:59]} 20. Bf3 {[%emt 0:02:42]} Nf6 {[%emt 0:00:41]} 21. Bd1 {[%emt 0:01:03]} Nd8 {[%emt 0:09:42]} 22. a4 {[%emt 0:02:45]} Nf7 {[%emt 0:00:50]} 23. a5 {[%emt 0:01:21]} Rc7 {[%emt 0:00:37]} 24. Bb3 {[%emt 0:01:29]} Kh7 {[%emt 0:01:18]} 25. Qh2 {[%emt 0:01:29]} Rh8 {[%emt 0:00:33]} 26. Rf3 {[%emt 0:04:12]} Kg8 {[%emt 0:02:21]} 27. Rh3 {[%emt 0:01:21]} Kf8 {[%emt 0:00:28]} 28. Qg2 {[%emt 0:03:43]} Rc8 {[%emt 0:10:15]} 29. Bd2 {[%emt 0:00:24]} Qc7 {[%emt 0:02:15]} 30. Nc4 {[%emt 0:02:04]} Ke7 {[%emt 0:00:54]} 31. Nb6 {[%emt 0:00:49]} Rcf8 {[%emt 0:01:43]} 32. Be3 {[%emt 0:01:37]} Ke8 {[%emt 0:07:59]} 33. d4 {[%emt 0:01:09]} h5 {[%emt 0:06:17]} 34. Ba4+ {[%emt 0:01:03]} Ke7 {[%emt 0:00:39]} 35. gxh5 {[%emt 0:00:35]} Rfg8 {[%emt 0:00:50]} 36. dxc5 {[%emt 0:02:24]} g4 {[%emt 0:01:03]} 37. cxd6+ {[%emt 0:03:27]} Nxd6 {[%emt 0:00:35]} 38. Rg3 {[%emt 0:00:38]} Bh6 {[%emt 0:02:43]} 39. Re1 {[%emt 0:02:46]} Bxe3+ {[%emt 0:01:13]} 40. Rgxe3 {[%emt 0:02:46]} Nc4 {[%emt 0:00:30]} 41. Nxc4 {[%emt 0:01:40]} Qxc4 {[%emt 0:00:14]} 42. b3 {[%emt 0:00:15]} Qc5 {[%emt 0:00:09]} 43. b4 {[%emt 0:00:59]} Qa7 {[%emt 0:02:13]} 44. Qa2 {[%emt 0:00:41]} Nxe4 {[%emt 0:09:02]} 45. Qe6+ {[%emt 0:00:24]} Kf8 {[%emt 0:00:12]} 46. f6 {[%emt 0:00:38]} 1-0

[Event "GX Alekhine Torneio Interno 2024"]
[Site "Lisboa, Portugal"]
[Date "????.??.??"]
[Round "3.2"]
[White "Duque, Raquel Dos Santos"]
[Black "Wang, Minqing"]
[Result "1-0"]
[WhiteElo "1667"]
[BlackElo "1875"]
[PlyCount "131"]

1. c4 {[%emt 0:00:03]} Nf6 {[%emt 0:00:13]} 2. Nc3 {[%emt 0:00:08]} g6 {[%emt 0:00:14]} 3. g3 {[%emt 0:00:11]} c6 {[%emt 0:02:24]} 4. Bg2 {[%emt 0:01:18]} Bg7 {[%emt 0:00:07]} 5. e4 {[%emt 0:01:35]} d6 {[%emt 0:05:04]} 6. Nge2 {[%emt 0:04:14]} Nbd7 {[%emt 0:03:14]} 7. O-O {[%emt 0:00:49]} Nb6 {[%emt 0:00:19]} 8. d3 {[%emt 0:01:42]} O-O {[%emt 0:00:21]} 9. a4 {[%emt 0:01:52]} Bg4 {[%emt 0:02:09]} 10. h3 {[%emt 0:04:05]} Bxe2 {[%emt 0:00:20]} 11. Nxe2 {[%emt 0:00:11]} d5 {[%emt 0:00:25]} 12. a5 {[%emt 0:00:53]} Nc8 {[%emt 0:00:09]} 13. cxd5 {[%emt 0:07:25]} cxd5 {[%emt 0:00:05]} 14. exd5 {[%emt 0:03:13]} Nxd5 {[%emt 0:00:06]} 15. Qb3 {[%emt 0:00:08]} Nc7 {[%emt 0:00:33]} 16. a6 {[%emt 0:12:06]} bxa6 {[%emt 0:00:06]} 17. Bxa8 {[%emt 0:00:05]} Nxa8 {[%emt 0:00:03]} 18. Rxa6 {[%emt 0:02:48]} Nc7 {[%emt 0:00:04]} 19. Ra2 {[%emt 0:00:07]} Qd7 {[%emt 0:00:49]} 20. Kh2 {[%emt 0:00:34]} Ne6 {[%emt 0:00:09]} 21. Be3 {[%emt 0:02:27]} Bd4 {[%emt 0:01:22]} 22. Nxd4 {[%emt 0:03:08]} Nxd4 {[%emt 0:00:06]} 23. Bxd4 {[%emt 0:00:18]} Qxd4 {[%emt 0:00:07]} 24. Qc4 {[%emt 0:00:19]} Qf6 {[%emt 0:00:31]} 25. Qc3 {[%emt 0:08:31]} Qe6 {[%emt 0:00:08]} 26. Ra4 {[%emt 0:03:10]} Nd6 {[%emt 0:01:19]} 27. Re1 {[%emt 0:06:13]} Qd7 {[%emt 0:00:08]} 28. Qa3 {[%emt 0:00:17]} Nb5 {[%emt 0:00:38]} 29. Qxe7 {[%emt 0:02:34]} Qxd3 {[%emt 0:00:09]} 30. Qe2 {[%emt 0:00:05]} Qb3 {[%emt 0:01:06]} 31. Re4 {[%emt 0:03:40]} Nd6 {[%emt 0:00:14]} 32. Re7 Qb6 {[%emt 0:01:12]} 33. Qf3 {[%emt 0:09:22]} Qxb2 {[%emt 0:00:44]} 34. Rxa7 {[%emt 0:02:07]} Nf5 {[%emt 0:00:06]} 35. Ra8 {[%emt 0:01:31]} Rxa8 {[%emt 0:01:43]} 36. Qxa8+ {[%emt 0:00:08]} Kg7 {[%emt 0:00:01]} 37. Kg2 {[%emt 0:01:38]} Qb4 {[%emt 0:02:35]} 38. Re4 {[%emt 0:02:50]} Qc3 {[%emt 0:01:35]} 39. Rf4 {[%emt 0:03:09]} Qd2 {[%emt 0:00:46]} 40. Qa1+ {[%emt 0:00:35]} Kg8 {[%emt 0:01:03]} 41. Ra4 {[%emt 0:05:01]} Qd5+ {[%emt 0:04:55]} 42. Kh2 {[%emt 0:02:30]} f6 {[%emt 0:02:32]} 43. Qxf6 {[%emt 0:01:39]} Ne3 {[%emt 0:00:10]} 44. fxe3 {[%emt 0:02:29]} Qd2+ {[%emt 0:00:05]} 45. Kg1 {[%emt 0:00:15]} Qd1+ {[%emt 0:00:04]} 46. Kg2 {[%emt 0:00:05]} Qxa4 {[%emt 0:00:08]} 47. Qd8+ {[%emt 0:00:06]} Kf7 {[%emt 0:00:12]} 48. Qd5+ {[%emt 0:00:14]} Ke7 {[%emt 0:01:02]} 49. Qe5+ {[%emt 0:00:07]} Kf7 {[%emt 0:00:31]} 50. Qf4+ {[%emt 0:00:09]} Qxf4 {[%emt 0:00:06]} 51. gxf4 {[%emt 0:00:51]} Kf6 {[%emt 0:00:35]} 52. Kf3 {[%emt 0:00:18]} g5 {[%emt 0:01:09]} 53. Kg4 {[%emt 0:03:34]} gxf4 {[%emt 0:02:41]} 54. Kxf4 {[%emt 0:00:05]} Kg6 {[%emt 0:00:36]} 55. Ke5 {[%emt 0:02:05]} h5 {[%emt 0:01:18]} 56. e4 {[%emt 0:00:22]} Kg5 {[%emt 0:00:26]} 57. Kd6 {[%emt 0:00:04]} Kh4 {[%emt 0:00:04]} 58. e5 {[%emt 0:00:05]} Kxh3 {[%emt 0:00:04]} 59. e6 {[%emt 0:00:04]} Kg2 {[%emt 0:00:07]} 60. e7 {[%emt 0:00:04]} h4 {[%emt 0:00:03]} 61. e8=Q {[%emt 0:00:06]} h3 {[%emt 0:00:05]} 62. Qe2+ {[%emt 0:00:03]} Kg3 {[%emt 0:00:50]} 63. Qf1 {[%emt 0:00:29]} Kh2 {[%emt 0:00:10]} 64. Qf2+ {[%emt 0:00:07]} Kh1 {[%emt 0:00:07]} 65. Ke5 {[%emt 0:00:22]} h2 {[%emt 0:00:03]} 66. Qf1# {[%emt 0:00:06]} 1-0

[Event "GX Alekhine Torneio Interno 2024"]
[Site "Lisboa, Portugal"]
[Date "????.??.??"]
[Round "3.3"]
[White "Reis, Pedro Rafael Melo Dos"]
[Black "Costa, Goncalo Martins Paulo da Costa"]
[Result "1-0"]
[WhiteElo "1627"]
[BlackElo "1764"]
[PlyCount "51"]

1. d4 d5 2. c4 c6 3. cxd5 cxd5 4. Bf4 Nf6 5. e3 Qb6 6. Nc3 a6 7. a3 Bf5 8. Nf3 e6 9. Be2 Nbd7 10. Na4 Qd8 11. Rc1 Rc8 12. b4 h6 13. O-O Nh5 14. Be5 Nxe5 15. dxe5 Rxc1 16. Qxc1 g6 17. Nd4 Ng7 18. g4 Bxg4 19. Bxg4 h5 20. Be2 Qg5+ 21. Kh1 Qxe5 22. Qc8+ Ke7 23. Nc5 Qg5 24. Qxb7+ Kd6 25. Qd7+ Ke5 26. Nf3+ 1-0

[Event "GX Alekhine Torneio Interno 2024"]
[Site "Lisboa, Portugal"]
[Date "????.??.??"]
[Round "4.4"]
[White "Lucio, Jorge Manuel Rodrigues"]
[Black "Morais, Vitor Mestre"]
[Result "1/2-1/2"]
[WhiteElo "1619"]
[BlackElo "1816"]
[PlyCount "32"]

1. d4 {[%emt 0:00:01]} Nf6 {[%emt 0:00:02]} 2. c4 {[%emt 0:00:13]} e6 {[%emt 0:00:05]} 3. Nc3 {[%emt 0:00:10]} Bb4 {[%emt 0:00:08]} 4. Qc2 {[%emt 0:00:12]} d5 {[%emt 0:00:11]} 5. a3 {[%emt 0:00:33]} Bxc3+ {[%emt 0:00:18]} 6. Qxc3 {[%emt 0:00:10]} O-O {[%emt 0:00:14]} 7. Bg5 {[%emt 0:05:38]} c6 {[%emt 0:00:08]} 8. e3 {[%emt 0:03:14]} Nbd7 {[%emt 0:00:33]} 9. Nf3 {[%emt 0:01:47]} Re8 {[%emt 0:00:06]} 10. cxd5 {[%emt 0:05:24]} exd5 {[%emt 0:00:25]} 11. Bd3 {[%emt 0:01:59]} Nf8 {[%emt 0:00:11]} 12. O-O {[%emt 0:01:14]} Ng6 {[%emt 0:00:22]} 13. Ne5 {[%emt 0:12:34]} Ne4 {[%emt 0:00:56]} 14. Bxd8 {[%emt 0:01:43]} Nxc3 {[%emt 0:00:12]} 15. Nxg6 {[%emt 0:03:14]} hxg6 {[%emt 0:00:19]} 16. bxc3 {[%emt 0:01:33]} Rxd8 {[%emt 0:03:01]} 1/2-1/2